OLL Selected Specifics of Marketing Communication in Environment of Social Networks

Základné predpoklady efektívneho využívania sociálnej siete Facebook ako marketingovej komunikačnej platformy pre vybraný stredoeurópsky trh.

Saved in:
Bibliographic Details
Main Author: Pollák, František, 1985-
Other Authors: Dorčák, Peter, 1979-, Markovič, Peter, 1974-
Format: Book Chapter
Language:English
Subjects:
Tags: Add Tag
No Tags, Be the first to tag this record!

MARC

LEADER 00000naa$a2200000$$$4500
001 0249916
005 20240502074012.2
041 0 |a eng 
044 |a SK 
245 1 0 |a OLL Selected Specifics of Marketing Communication in Environment of Social Networks  |c František Pollák, Peter Dorčák, Peter Markovič 
520 |a Základné predpoklady efektívneho využívania sociálnej siete Facebook ako marketingovej komunikačnej platformy pre vybraný stredoeurópsky trh. 
610 2 0 |a siete sociálne 
610 2 0 |a Facebook 
610 2 0 |a komunikácia marketingová 
610 2 0 |a marketing elektronický 
610 2 0 |a nástroje marketingové 
610 2 0 |a stredná Európa 
100 1 |a Pollák, František, 1985- 
700 1 |a Dorčák, Peter, 1979- 
700 1 |a Markovič, Peter, 1974-